Capitales sans les lettres de "Luanda" - Statistiques

Statistiques générales
  • Ce quiz a été pris 6 fois
    3 depuis la dernière actualisation
  • Le résultat moyen est 4 sur 8
Statistiques - réponses
Continents Capitales % Correct
Asie Tokyo
100%
Asie Bichkek
67%
Europe Kiev
67%
Amérique du Nord Mexico
67%
Asie Koweït
33%
Europe Rome
33%
Europe Skopje
33%
Océanie Port Moresby
0%
Aucun quiz correspondant
Distribution des résultats
% des personnes avec chaque résultat
Percentile par nombre de réponses
Votre historique - résultats
Vous n’avez pas pris ce quiz depuis la dernière actualisation